Quizzes
Events
Quiz Creation
Community
Videos
Private Events
Remove Ads
Sign In
Join for FREE
Feedback
Dark Mode
Quiz Categories
Sports
Geography
Music
Movies
Television
Just For Fun
Miscellaneous
History
Literature
Language
Science
Gaming
Entertainment
Religion
Holiday
For Kids
Quiz Lab
Recent
Popular Today
Quiz Kudos Today
Editor Picks
Curator Picks
Quizzes by...
Day
Popularity
Type
Ratings
Length
Year
Community
Subscriptions
Recent Discussions
Orange Saloon
Badges
Playlists
Quests
Create
Leaderboards
Showdown
Live 5
Trivia Bingo
Activity
Puzzle Library
Sporcle Events
Private Events
Virtual Trivia
Globe League
Become a Host
Pub Owners
SporcleCon
Opinionation
Our Games
Videos
Blog
Mobile Apps
Partnerships
Remove Ads and Go Orange
Feedback
Language
Vocabulary
Begins and Ends
Definition
Spanish
French
German
Italian
Chinese
Latin
Translation
Japanese
Language
Vocabulary
Begins and Ends
Definition
Spanish
French
German
Italian
Chinese
Latin
Translation
Japanese
Random Quiz
Search Sporcle
×
Quiz Lab
Quiz Lab
Language
World
Type in answers that appear in a list
Type in answers that appear in a list
Classic
Best Score? Go Orange.
One World, Many Sausages Stats
Can you name the languages that the word 'sausage' is translated into?
By
MasterPenguin
3m
16 Questions
115 Plays
115 Plays
115 Plays
Comments
Comments
Give Quiz Kudos
Give Quiz Kudos
-
- Ratings
hide this ad
Forced Order
Answers have to be entered in order
Answers have to be entered in order
Random Order
Randomize order of answers
Randomize order of answers
Replay
Link that replays current quiz
Next Quiz
Link to next quiz in quiz playlist
You Got
0%
They Got
Avg Score
50%
Avg Friend Score
Upgrade to see
Score Distribution
Jump to the score distribution portion of the page
Score
0/16
Timer
03:00
0
Plays Today
Sausage
Language
% Correct
Wurst
German
93%
Sausage
English
90.4%
Saucisse
French
80.9%
Salchicha
Spanish
72.2%
Salsiccia
Italian
70.4%
Kiełbasa
Polish
67.8%
Salsicha
Portuguese
56.5%
Worst
Dutch
55.7%
Sausage
Language
% Correct
Pølse
Danish
49.6%
Kolbász
Hungarian
43.5%
Xúc xích
Vietnamese
42.6%
Klobása
Czech
37.4%
Salsitxa
Catalan
25.2%
Kusagwa
Swahili
10.4%
Ispíní
Irish
6.1%
Vorst
Estonian
5.2%
Quiz Playlist
Details
Report
Send in Message
Add To Playlist
Classic:
Type in answers that appear in a list
Forced Order:
Answers have to be entered in order
Random Order:
Randomize order of answers
Quiz Source
Last Updated: Feb 16, 2017
Quiz Scoreboard
CHALLENGE
Sign Up to Join the Scoreboard
Show All
Scores
Hide
Comments
May contain spoilers
Recently Published
Pick 6: Fruits
by JohnFran
Miscellaneous
15s
Click the 1999 NBA Draft
by nibperrychub
Sports
2m
Alphabetical 'K' Countries by Flag Minefield
by ylime102
Geography
3m
More to Explore
Quiz From the Vault
Featured Blog Post
15 Basketball Trivia Facts You Can Be March Mad About
hide this ad
You Might Also Like...
Tags
World Quiz
meat
Today's Top Quizzes in Language
Browse Language
hide this ad
Today's Top Quizzes in World
Browse World
Top Contributed Quizzes in Language
1
Spanish Seasons
2
Spring or Fall
3
Multilingual Seasons
4
Russian Alphabet (Picture Click)
5
Trivia Jigsaw: Language
6
Guess the Word in 3 Words
7
JLPT N5 Kanji
8
Vocabulary Blitz 71
9
IPA Vowel Identification
10
Einsilbige Reime auf Chips
Explore More
Trending Topics
Marvel
Anime
Disney
Crossword
NBA
Kpop
Harry Potter
Song
WWE
Puzzle
Soccer
The Office
Pokémon
NFL
Country
hide this ad
More By:
MasterPenguin
Quiz
Plays
Rating
Category
Featured
Created
Things Katy Perry Did Last Friday Night
54,709
3.87
Music
Aug 24, 2011
Name a Pokémon That...
36,198
4.24
Gaming
Aug 11, 2011
Book By Supporting Characters
28,077
4.59
Literature
Aug 18, 2011
Science Matching Game
25,532
4.53
Science
Sep 15, 2011
Sushi or Japanese Emperor
18,181
4.55
Just For Fun
Aug 22, 2011
Go to Creator's Profile
Score Distribution
Quiz Creator Spotlight
MasterPenguin
Follow
Send a Message
Quizzes Created
-
Created Quiz Play Count
-
More By This Creator
Popular Quizzes Today
1
Find the US States - No Outlines Minefield
2
Countries of Asia Without Outlines Minefield
3
Pick 6: Fruits
4
Alphabetical 'K' Countries by Flag Minefield
5
The Countries of the World
6
Click the 1999 NBA Draft
7
Find the US States
8
Match the Book to the Film X
More Language Quizzes
Click the Parts of Speech
Published
Trending Quizzes
Pick 6: Harry Potter
Pick 6: Mountains
Pick 6: NFL Teams
Pick 6: Movie Franchises
Pick 6: Golfers
Recently Updated
Women's Final Four Teams by Year
bhenderson79
Presidents Quartet II
eogle
Anything But Clue(do)
eogle
Anything But Oceanian Capitals
eogle
Anything But 7
eogle
Anything But Thing
eogle
Word Ladder: February 29
pecheneg
Song Title Questions
pecheneg
Women's NCAA Tournament #1 Seeds
pecheneg
Celebrity Mug Shots
pecheneg
Trending Topics
Disney
NBA
Harry Potter
Marvel
Anime
Crossword
Kpop
Puzzle
WWE
Soccer
The Office
Song
NFL
Country
Pokémon
Your Account Isn't Verified!
In order to create a playlist on Sporcle, you need to verify the email address you used during registration. Go to your
Sporcle Settings
to finish the process.
Report this User
Report this user for behavior that violates our
Community Guidelines
.
Details:
Send Report
Go to the Sporcle.com Mobile Site →
Comments